logo

Bir Sreshtho Munshi Abdur Rouf Library
Jhenaidah Cadet College

অন্ধ আয়োজন / (Record no. 3699)

MARC details
000 -LEADER
fixed length control field 00606nam a2200217 a 4500
001 - CONTROL NUMBER
JCCL Control Number 3699
003 - CONTROL NUMBER IDENTIFIER
JCCL marc code BD-JhCC
005 - DATE AND TIME OF LATEST TRANSACTION
control field 20171116182856.0
008 - FIXED-LENGTH DATA ELEMENTS--GENERAL INFORMATION
fixed length control field 171116s1998 b ||||| |||| 00| 0 b d
020 ## - INTERNATIONAL STANDARD BOOK NUMBER
International Standard Book Number 9843102479
035 ## - SYSTEM CONTROL NUMBER
system control number (BD-JhCC)3699
040 ## - CATALOGING SOURCE
Original cataloging agency BD-JhCC
Modifying agency BD-JhCC
041 ## - LANGUAGE CODE
Language code of Book ben
082 ## - DEWEY DECIMAL CLASSIFICATION NUMBER
Classification number 891.4415
Author mark and Year NOU 1998
100 ## - MAIN ENTRY--PERSONAL NAME
Personal name নওশাদ, রফিক
245 ## - TITLE STATEMENT
Title অন্ধ আয়োজন /
Statement of responsibility, etc রফিক নওশাদ
260 ## - PUBLICATION, DISTRIBUTION, ETC. (IMPRINT)
Place of publication, distribution, etc ঢাকা :
Name of publisher, distributor, etc ধাদ্বরুপ,
Date of publication, distribution, etc ১৯৯৮
300 ## - PHYSICAL DESCRIPTION
Pagination 55 p. :
Dimensions 22cm.
650 ## - SUBJECT ADDED ENTRY--TOPICAL TERM
Topical term or geographic name as entry element Collection of Poem
942 ## - ADDED ENTRY ELEMENTS (KOHA)
Source of classification or shelving scheme Dewey Decimal Classification
Koha item type Books
Holdings
Source of classification or shelving scheme Damaged status Not for loan Home library Current library Shelving location Date of accession Cost, normal purchase price Total Checkouts Full call number Barcode Date last seen Date checked out Copy number Koha item type Method of acquisition Currency
Dewey Decimal Classification     JCC Rouf Library JCC Rouf Library General Stacks 11/16/2017 50.00 2 891.4415 NOU 1998 5368 07/29/2024 07/01/2024 C-1 Books    
Dewey Decimal Classification     JCC Rouf Library JCC Rouf Library General Stacks 11/16/2017 50.00   891.4415 NOU 1998 5384 11/16/2017   C-2 Books Purchase BDT
Dewey Decimal Classification     JCC Rouf Library JCC Rouf Library General Stacks   50.00   891.4415 NAU 1998 19579 05/11/2024   C-3 Books Purchase BDT
Dewey Decimal Classification     JCC Rouf Library JCC Rouf Library General Stacks   50.00   891.4415 NAU 1998 19580 05/11/2024   C-4 Books Purchase BDT
Dewey Decimal Classification     JCC Rouf Library JCC Rouf Library General Stacks   50.00   891.4415 NOU 1998 19578 05/18/2024   C-5 Books Purchase BDT
Dewey Decimal Classification     JCC Rouf Library JCC Rouf Library General Stacks   50.00   891.4415 NAU 1998 19436 05/21/2024   C-6 Books Purchase BDT

JCC Library | Contacts | JCC Home

Last Update on 23 September 2017
Copyright @ 2017-2020 JCC Rouf Library
Rouf Library, Jhenidah Cadet College (JCC), Bangladesh